Welche Stadt mit S? - Statistiken

Allgemein
  • Dieses Quiz wurde 77 mal gespielt
  • Das Durchschnittsergebnis liegt bei 15 aus 25
Antwortstatistiken
Hinweis Stadt % Korrekt
aus dieser Stadt kommen Mercedes Benz und Porsche Stuttgart
100%
bekannt als der Geburtsort von Mozart Salzburg
99%
das markante Opernhaus am Ufer ist vermutlich das bekannteste seiner Art Sydney
88%
ein psychologisches Phänomen (Syndrom), bei dem Geiseln Sympathie für ihre Peiniger entwickeln wurde nach dieser Stadt benannt Stockholm
87%
Hauptstadt des kleinsten deutschen Bundeslandes, das kein Stadtstaat ist Saarbrücken
82%
die Golden Gate Bridge verbindet diese Stadt mit dem Marin County San Francisco
82%
asiatischer Stadtstaat mit 4 offiziellen Amtssprachen Singapur
79%
hier hat das Europäische Parlament seinen Hauptsitz Straßburg
78%
einwohnerreichster Ballungsraum in Südamerika São Paulo
73%
in den Anden gelegene Hauptstadt; eine spanische Stadt, die als Endpunkt des Jakobsweges gilt, hat denselben Namen Santiago
69%
in dieser Stadt wurde das Attentat auf Franz Ferdinand verübt Sarajevo
69%
die Stadt ist das Zentrum der K-Pop-Kultur Seoul
66%
an der Mündung des Jangtsekiangs befindet sich der weltgrößte Containerhafen Shanghai
66%
spanische Stadt, in der eine Flamenco-Show aufgeführt wird Sevilla
55%
von dieser Stadt gelangt man über die einzige Brücke auf die Insel Rügen Stralsund
52%
bekannt als "Emerald City" mit der 183 Meter hohen Space Needle Seattle
49%
bereits seit der Jungsteinzeit ist das Gebiet der europäischen Hauptstadt auf 600 Metern über dem Meeresspiegel durchgehend besiedelt Sofia
49%
Stadt am Rhein, dessen Domkirche zum UNESCO Weltkulturerbe gehört Speyer
48%
auf einer Halbinsel gelegene Großstadt in Dalmatien Split
48%
das Residenzschloss befindet sich auf einer Insel am Rande des nach dieserStadt benannten Sees Schwerin
45%
mit über 5 Millionen Einwohnern nennt sich diese Stadt "Venedig des Nordens" St. Petersburg
42%
größte Stadt auf der japanischen Insel Hokkaido Sapporo
40%
Stadt am Mississippi, welche der Ausgangspunkt der Lewis-und-Clark-Expedition war St. Louis
34%
diese oberösterreichische Stadt teilt sich die Herkunft des Namens und des Wappens mit einem anderen Bundesland Steyr
27%
grüne Großstadt, die auch als "Rubensstadt" bekannt ist Siegen
13%
Keine übereinstimmenden Quizze gefunden
Verteilung der Resultate
Anzahl Personen mit jedem Resultat
Perzentil nach korrekt beantworteten Fragen
Ihre Resultats-Entwicklung
Sie haben dieses Quiz noch nicht gespielt